De la condition juridique et économique du preneur dans le bail a ferme ordinaire et sous ses diverses variétés en droit romain et en droit fraçais avec un aperçu historique sur l' origine du droit de marché
Uloženo v:
| Hlavní autor: | |
|---|---|
| Médium: | Kniha |
| Jazyk: | francouzština |
| Vydáno: |
París
Larose et Forcel
1882
|
| Témata: | |
| Tagy: |
Přidat tag
Žádné tagy, Buďte první, kdo vytvoří štítek k tomuto záznamu!
|
MARC
| LEADER | 00000nam a2200000 a 4500 | ||
|---|---|---|---|
| 001 | UCQ1056 | ||
| 003 | CL-VaPUC | ||
| 008 | 980704e18820000FR |||||||||||||||||fre|d | ||
| 082 | 0 | 4 | |a 340.54 |b PRA |2 21 |
| 100 | 0 | |a Prache, Laurent |e author |9 414572 | |
| 245 | 1 | 0 | |a De la condition juridique et économique du preneur dans le bail a ferme ordinaire et sous ses diverses variétés en droit romain et en droit fraçais avec un aperçu historique sur l' origine du droit de marché |
| 300 | |a 379 p | ||
| 942 | |c BK | ||
| 945 | |d 19980704 00:00:00 |a lriquelm | ||
| 260 | |a París |b Larose et Forcel |c 1882 | ||
| 500 | |a Thése pour le doctorat | ||
| 650 | 0 | |a Derecho romano |9 255930 | |
| 650 | 0 | |a Economía |9 255568 | |
| 650 | 0 | |a Importación |9 378887 | |
| 650 | 0 | |a Derecho francés |9 385145 | |
| 650 | 7 | |a MONOPOLIO |2 CL-VaPUC |9 368825 | |
| 650 | 0 | |a Venta |9 385868 | |
| 650 | 0 | |a Tabaco |9 343563 | |
| 583 | |a last modification |c 19980704 00:00:00 |k Rodrigo Vera | ||
| 999 | |c 272062 |d 272060 | ||
| 952 | |0 0 |1 0 |4 0 |6 340_540000000000000_PRA_1882 |7 0 |8 X |9 306906 |a BIBDER |b BIBDER |d 2019-11-20 |i 1859013 |o 340.54 PRA 1882 |p 1859013 |r 2023-01-25 |w 2019-11-20 |y BK_X |k DER | ||